LIBRARY ONLINE CATALOGUE

The Prentice Hall Guide for College Winners (Record no. 19339)

MARC details
000 -LEADER
fixed length control field 00451nam a22001577a 4500
008 - FIXED-LENGTH DATA ELEMENTS--GENERAL INFORMATION
fixed length control field 220608b |||||||| |||| 00| 0 eng d
020 ## - INTERNATIONAL STANDARD BOOK NUMBER
International Standard Book Number 0130447315
050 ## - LIBRARY OF CONGRESS CALL NUMBER
Classification number PE1408
Item number .R45 2003
100 ## - MAIN ENTRY--PERSONAL NAME
Personal name Reid, Stephen
245 ## - TITLE STATEMENT
Title The Prentice Hall Guide for College Winners
Statement of responsibility, etc. Stephen Reid
250 ## - EDITION STATEMENT
Edition statement 6th ed.
260 ## - PUBLICATION, DISTRIBUTION, ETC. (IMPRINT)
Place of publication, distribution, etc. Upper Saddle River
Name of publisher, distributor, etc. Prentice Hall
Date of publication, distribution, etc. 2003
300 ## - PHYSICAL DESCRIPTION
Extent xxxi, 715p.
650 ## - SUBJECT ADDED ENTRY--TOPICAL TERM
Topical term or geographic name as entry element English Language
Form subdivision Rhetoric
942 ## - ADDED ENTRY ELEMENTS (KOHA)
Source of classification or shelving scheme Library of Congress Classification
Koha item type General Collection
Holdings
Withdrawn status Lost status Source of classification or shelving scheme Not for loan Home library Current library Date acquired Cost, normal purchase price Total Checkouts Full call number Barcode Date last seen Price effective from Koha item type
    Library of Congress Classification   Kabarak, Main Campus Kabarak, Main Campus 08/06/2022 20789.00   PE1408 .R45 2003 c.1 030218 08/06/2022 08/06/2022 General Collection